00382nam a2200157Ia 4500003000400000005001700004008004100021020001800062040000900080082001700089100001700106245004200123260003800165300000900203650001200212OSt20201022120542.0190216s9999||||xx |||||||||||||| ||und|| a9780144000722 coclc a915.4bBON/T1 aBond, Ruskin 0aTales Of The Open Road /cRuskin Bond bPenguin Books,c2006.aNew Delhi: a202p aEnglish